Peux-tu nommer les animaux de ces Kpop idols ? - Statistiques

Statistiques générales
  • Ce quiz a été pris 78 fois
  • Le résultat moyen est 2 sur 14
Statistiques - réponses
Par images Réponse % Correct
Berry
66%
Yeontan
61%
Bam
60%
Garçons
8%
Kai
8%
Leon
8%
Love
8%
Bambi
2%
Boo
2%
Ggomo
2%
Bobpul
0%
Daegal
0%
Vivi
0%
Zero
0%
Aucun quiz correspondant
Distribution des résultats
% des personnes avec chaque résultat
Percentile par nombre de réponses
Votre historique - résultats
Vous n’avez pas pris ce quiz